000 00436nam a22001577a 4500
005 20240109131904.0
008 190603b xxu||||| |||| 00| 0 eng d
020 _a978-93-88293-56-3
041 _aeng
100 _aTIWARI, DR. VARSHA AND AHMAD, DR, SHAMIM
_95025
245 _aA PRACTICAL BOOK OF PHARMACOGNOSY AND PHY TO CHEMISTRY
250 _a1st, Ed, 2018
260 _aPUNE
_bNIRALI PRAKASHAN
300 _aA-2 p,
942 _cBK
999 _c5921
_d5919